Mô phỏng sự lan truyền bệnh gan thận mủ trên cá tra theo đa cấp độ : Luận văn Thạc sĩ công nghệ thông tin. Chuyên ngành: Hệ thống thông tin

Trình bày cơ sở lý thuyết về mô hình hóa và mô phỏng hướng tác tử, mô phỏng đa cấp độ. Các kiến thức liên quan đến đặc điểm sinh học của cá tra, mô hình nuôi cá tra thương phẩm và bệnh gan thận mủ trên cá tra, mô hình dịch tễ lan truyê...

Πλήρης περιγραφή

Αποθηκεύτηκε σε:
Λεπτομέρειες βιβλιογραφικής εγγραφής
Κύριος συγγραφέας: Cao, Hồng Nga
Μορφή: Βιβλίο
Γλώσσα:Undetermined
Έκδοση: Cần Thơ Đại học Cần Thơ 2011
Θέματα:
Ετικέτες: Προσθήκη ετικέτας
Δεν υπάρχουν, Καταχωρήστε ετικέτα πρώτοι!
Thư viện lưu trữ: Trung tâm Học liệu Trường Đại học Cần Thơ
LEADER 01431nam a2200229Ia 4500
001 CTU_172365
008 210402s9999 xx 000 0 und d
082 |a 003.3 
082 |b Ng100 
088 |a 60480104 
100 |a Cao, Hồng Nga 
245 0 |a Mô phỏng sự lan truyền bệnh gan thận mủ trên cá tra theo đa cấp độ : 
245 0 |b Luận văn Thạc sĩ công nghệ thông tin. Chuyên ngành: Hệ thống thông tin 
245 0 |c Cao Hồng Nga ; Alexis Drogoul (Hướng dẫn khoa học) 
260 |a Cần Thơ 
260 |b Đại học Cần Thơ 
260 |c 2011 
520 |a Trình bày cơ sở lý thuyết về mô hình hóa và mô phỏng hướng tác tử, mô phỏng đa cấp độ. Các kiến thức liên quan đến đặc điểm sinh học của cá tra, mô hình nuôi cá tra thương phẩm và bệnh gan thận mủ trên cá tra, mô hình dịch tễ lan truyền bệnh trên cá. Mô phỏng sự lan truyền dịch bệnh gan thận mủ trên cá theo đa cấp độ dựa trên hệ nền GAMA 1.4. 
650 |a Computer programming,Catfishes,Chương trình máy tính,Cá da trơn 
650 |x Diseases,Bệnh 
904 |i Hồng Cẩm, Năm 
980 |a Trung tâm Học liệu Trường Đại học Cần Thơ